Czechs-Slovak relations between 1918 and 1989 as a prerequisite to the dissolution of the Czech and Slovak Federal Republic
Politické, ekonomické a psychologické faktory, ktoré značne ovplyvnili kvalitu česko-slovenských vzťahov v období 1918-1989 a zohrali špecifickú úlohu pri rozdeľovaní Československa v roku 1992.
Gespeichert in:
| 1. Verfasser: | |
|---|---|
| Format: | Buchkapitel |
| Sprache: | Englisch |
| Schlagworte: | |
| Tags: |
Keine Tags, Fügen Sie das erste Tag hinzu!
|
MARC
| LEADER | 00000naa a2200000 4500 | ||
|---|---|---|---|
| 001 | 0185430 | ||
| 005 | 20231207093904.6 | ||
| 041 | 0 | |a eng | |
| 044 | |a SK | ||
| 245 | 1 | 0 | |a Czechs-Slovak relations between 1918 and 1989 as a prerequisite to the dissolution of the Czech and Slovak Federal Republic |c Petra Bolfová |
| 520 | |a Politické, ekonomické a psychologické faktory, ktoré značne ovplyvnili kvalitu česko-slovenských vzťahov v období 1918-1989 a zohrali špecifickú úlohu pri rozdeľovaní Československa v roku 1992. | ||
| 610 | 2 | 0 | |a Československo |
| 610 | 2 | 0 | |a Česko |
| 610 | 2 | 0 | |a Slovensko |
| 610 | 2 | 0 | |a vzťahy medzinárodné |
| 610 | 2 | 0 | |a história |
| 100 | 1 | |a Bolfová, Petra | |